Statistics for Manchester City 2017/18 Summer Transfers

Click here to take the quiz!

General Stats

  • This quiz has been taken 92 times
  • The average score is 9 of 17

Answer Stats

Bought FromPlayer% Correct
MonacoBernando Silva
92%
Tottenham HotspurKyle Walker
91%
MonacoBenjamin Mendy
86%
BenficaEderson
68%
Real MadridDanilo
66%
West HamPablo Zabaleta
55%
SevillaJesus Navas
54%
RomaAleksandar Kolarov
49%
Istanbul BasaksehirGael Clichy
47%
Leicester CityKelechi Iheanacho
47%
Swansea CityWilfried Bony
45%
AntalyasporSamir Nasri
43%
GalatasarayFernando
34%
ChelseaWilly Caballero
34%
Free AgentBacary Sagna
31%
SevillaNolito
28%
Hellas VeronaBruno Zuculini
14%

Score Distribution

Percentile by Number Answered

Percent of People with Each Score

Your Score History

You have not taken this quiz